00625nam a22001697a 4500003000900000008004100009040007100050082001500121100001900136245005500155260005300210300002600263505011100289650001500400650002100415650001900436AR-CdUCM190311b ||||| |||| 00| 0 spa d aMUNICIPALIDAD PROVINCIAL DEL CUSCOcBIBLIOTECA MUNICIPAL DEL CUSCO a194 /bV68 aVillorio, Luis aLa idea y el ente en la filosofía de Descartes / aMéxico :bFondo de cultura económica,c1965. a163 paginas ;c25 cm. aContenido : Idea ente y presencia -- La demostración del principio -- El encubrimiento del principio... aPrejuicios aEnte y presencia aLa deducción